Slovenská republika a východné trhy.

Možnosti a výhody etablovania sa Slovenskej republiky na východných trhoch. Základné príčiny rozpadu východných trhov - transformačná recesia ekonomík krajín bývalej RVHP a kolaps vzájomného platobného styku. Návrh Sekretariátu hospodárskej a sociálnej rady OSN pre Európu zriadiť Východoeurópsku pla...

ver descrição completa

Na minha lista:
Detalhes bibliográficos
Autor principal: Rendek, I.
Formato: Capítulo de Livro
Idioma:eslovaco
Assuntos:
Tags: Adicionar Tag
Sem tags, seja o primeiro a adicionar uma tag!

MARC

LEADER 00000naa a2200000 4500
001 r012619
005 20220826094608.3
041 0 |a slo 
044 |a SK 
245 1 0 |a Slovenská republika a východné trhy.  |c I. Rendek 
520 |a Možnosti a výhody etablovania sa Slovenskej republiky na východných trhoch. Základné príčiny rozpadu východných trhov - transformačná recesia ekonomík krajín bývalej RVHP a kolaps vzájomného platobného styku. Návrh Sekretariátu hospodárskej a sociálnej rady OSN pre Európu zriadiť Východoeurópsku platobnú úniu. 
610 2 0 |a trh medzinárodný 
610 2 0 |a východná Európa 
610 2 0 |a recesia 
610 2 0 |a Slovensko 
610 2 0 |a styk platobný medzinárodný 
610 2 0 |a Východoeurópska platobná únia 
100 1 |a Rendek, I.